000 01280nam a2200361 a 4500
001 ebr10403714
003 CaPaEBR
006 m u
007 cr cn|||||||||
008 070425s2006 enk s 001 0 eng
010 _z 2007296622
015 _aGBA660884
_2bnb
016 7 _z013507837
_2Uk
020 _z0826474667 (hbk.)
020 _z9780826474667 (hbk.)
020 _z0826474675 (pbk.)
020 _z9780826474674 (pbk.)
040 _aCaPaEBR
_cCaPaEBR
035 _a(OCoLC)650540482
050 1 4 _aPA4279.R7
_bP87 2006eb
100 1 _aPurshouse, Luke.
245 1 0 _aPlato's Republic
_h[electronic resource] :
_ba reader's guide /
_cLuke Purshouse.
260 _aLondon ;
_aNew York :
_bContinuum,
_cc2006.
300 _av, 161 p.
490 1 _aContinuum reader's guides
500 _aIncludes index.
533 _aElectronic reproduction.
_bPalo Alto, Calif. :
_cebrary,
_d2013.
_nAvailable via World Wide Web.
_nAccess may be limited to ebrary affiliated libraries.
600 0 0 _aPlato.
_tRepublic.
655 7 _aElectronic books.
_2local
710 2 _aebrary, Inc.
830 0 _aContinuum reader's guides.
856 4 0 _uhttp://site.ebrary.com/lib/rucke/Doc?id=10403714
_zAn electronic book accessible through the World Wide Web; click to view
999 _c92737
_d92737